000 00577nam a2200193 i 4500
001 180967
003 ES-MaACL
005 20230906221231.0
008 120914s1989 sp |||| | spa d
080 _a821.134.2-14"19"
100 1 _aBueno, Eugenio.
_9151418
245 1 0 _aDe aquí, de estas cosas /
_cEugenio Bueno.
260 _a[S.l. :
_bs.n.],
_c1989 (
_eAvilés :
_fImpr. Mijares)
300 _a[4] p. ;
_c21 cm.
490 1 _aCuadernos de cristal ;
_v14
830 0 _aCuadernos de cristal ;
_v14
_9191749
852 _aES-MaACL
_j2316-F-11
999 _c180967
_d180967